<?xml version="1.0" encoding="UTF-8"?>
<collection xmlns="http://www.loc.gov/MARC21/slim">
 <record>
  <leader>02740na  a2200385   4500</leader>
  <controlfield tag="001">000032507</controlfield>
  <controlfield tag="003">8600</controlfield>
  <controlfield tag="005">20221230095913.0</controlfield>
  <controlfield tag="008">151002s2014                  000   eng</controlfield>
  <datafield tag="040" ind1=" " ind2=" ">
   <subfield code="a">LNN</subfield>
  </datafield>
  <datafield tag="041" ind1=" " ind2=" ">
   <subfield code="a">eng</subfield>
  </datafield>
  <datafield tag="082" ind1=" " ind2=" ">
   <subfield code="a">420.796</subfield>
   <subfield code="b">TR-TH</subfield>
  </datafield>
  <datafield tag="100" ind1=" " ind2=" ">
   <subfield code="a">Trần Hữu Thuần</subfield>
  </datafield>
  <datafield tag="245" ind1=" " ind2="2">
   <subfield code="a">A STUDY OF APPRECIATION IN FOOTBALL COMMENTARIES IN ENGLISH AND VIETNAMESE /</subfield>
   <subfield code="c">Trần Hữu Thuần; Ngũ thiện Hùng supervisor.</subfield>
  </datafield>
  <datafield tag="260" ind1=" " ind2=" ">
   <subfield code="c">2014</subfield>
   <subfield code="a">đhđn :</subfield>
   <subfield code="b">đhđn.</subfield>
  </datafield>
  <datafield tag="300" ind1=" " ind2=" ">
   <subfield code="c">30cm.</subfield>
  </datafield>
  <datafield tag="502" ind1=" " ind2=" ">
   <subfield code="a">Master thesis of arts in social sciences and humanities</subfield>
  </datafield>
  <datafield tag="520" ind1=" " ind2=" ">
   <subfield code="a">Introduction; Literature review and theoretical background; Research methodology; ...</subfield>
  </datafield>
  <datafield tag="650" ind1=" " ind2=" ">
   <subfield code="a">A STUDY OF APPRECIATION IN FOOTBALL COMMENTARIES IN ENGLISH AND VIETNAMESE</subfield>
  </datafield>
  <datafield tag="653" ind1=" " ind2=" ">
   <subfield code="a">APPRECIATION IN FOOTBALL</subfield>
   <subfield code="a">COMMENTARIES IN ENGLISh</subfield>
  </datafield>
  <datafield tag="700" ind1=" " ind2=" ">
   <subfield code="a">Ngũ Thiện Hùng</subfield>
   <subfield code="e">hướng dẫn</subfield>
  </datafield>
  <datafield tag="OWN" ind1=" " ind2=" ">
   <subfield code="a">LNN</subfield>
  </datafield>
  <datafield tag="AVA" ind1=" " ind2=" ">
   <subfield code="a">UDN50</subfield>
   <subfield code="b">LNN</subfield>
   <subfield code="c">English</subfield>
   <subfield code="d">420.796 TR-TH</subfield>
   <subfield code="e">available</subfield>
   <subfield code="t">Error 5001 Not defined in file expand_doc_bib_avail.</subfield>
   <subfield code="f">1</subfield>
   <subfield code="g">0</subfield>
   <subfield code="h">N</subfield>
   <subfield code="i">0</subfield>
   <subfield code="j">AN</subfield>
   <subfield code="k">1</subfield>
  </datafield>
  <datafield tag="Z40" ind1="3" ind2=" ">
   <subfield code="y">A STUDY OF APPRECIATION IN FOOTBALL COMMENTARIES IN ENGLISH AND VIETNAMESE /</subfield>
   <subfield code="l">Library of UFL</subfield>
   <subfield code="t">VIEW</subfield>
   <subfield code="x">http://catalog.udn.vn:80/F?func=service&amp;doc_library=UDN01&amp;local_base=UDN01&amp;doc_number=000032507&amp;sequence=000001&amp;line_number=0001&amp;func_code=DB_RECORDS&amp;service_type=MEDIA</subfield>
   <subfield code="f">TOMTAT_000013673.pdf</subfield>
   <subfield code="e">pdf</subfield>
   <subfield code="s">000224982</subfield>
   <subfield code="k">20211029</subfield>
   <subfield code="m">NTMTHI</subfield>
  </datafield>
  <datafield tag="Z40" ind1="3" ind2=" ">
   <subfield code="y">A STUDY OF APPRECIATION IN FOOTBALL COMMENTARIES IN ENGLISH AND VIETNAMESE /</subfield>
   <subfield code="l">Library of UFL</subfield>
   <subfield code="t">VIEW</subfield>
   <subfield code="x">http://catalog.udn.vn:80/F?func=service&amp;doc_library=UDN01&amp;local_base=UDN01&amp;doc_number=000032507&amp;sequence=000002&amp;line_number=0002&amp;func_code=DB_RECORDS&amp;service_type=MEDIA</subfield>
   <subfield code="f">LUANVAN_000013675.pdf</subfield>
   <subfield code="e">pdf</subfield>
   <subfield code="s">001046572</subfield>
   <subfield code="k">20211029</subfield>
   <subfield code="m">NTMTHI</subfield>
  </datafield>
  <datafield tag="999" ind1=" " ind2=" ">
   <subfield code="a">From the UDN01</subfield>
  </datafield>
  <datafield tag="AVA" ind1=" " ind2=" ">
   <subfield code="a">UDN50</subfield>
   <subfield code="b">LNN</subfield>
   <subfield code="c">English</subfield>
   <subfield code="d">420.796 TR-TH</subfield>
   <subfield code="e">available</subfield>
   <subfield code="t">Error 5001 Not defined in file expand_doc_bib_avail.</subfield>
   <subfield code="f">1</subfield>
   <subfield code="g">0</subfield>
   <subfield code="h">N</subfield>
   <subfield code="i">0</subfield>
   <subfield code="j">AN</subfield>
   <subfield code="k">1</subfield>
  </datafield>
  <datafield tag="TYP" ind1=" " ind2=" ">
   <subfield code="a">Dissertation</subfield>
  </datafield>
  <datafield tag="TYP" ind1=" " ind2=" ">
   <subfield code="a">Printed language</subfield>
  </datafield>
  <datafield tag="856" ind1=" " ind2=" ">
   <subfield code="y">A STUDY OF APPRECIATION IN FOOTBALL COMMENTARIES IN ENGLISH AND VIETNAMESE /</subfield>
   <subfield code="l">Library of UFL</subfield>
   <subfield code="t">VIEW</subfield>
   <subfield code="x">http://catalog.udn.vn:80/F?func=service&amp;doc_library=UDN01&amp;local_base=UDN01&amp;doc_number=000032507&amp;sequence=000001&amp;line_number=0001&amp;func_code=DB_RECORDS&amp;service_type=MEDIA</subfield>
   <subfield code="f">TOMTAT_000013673.pdf</subfield>
   <subfield code="e">pdf</subfield>
   <subfield code="s">000224982</subfield>
   <subfield code="k">20211029</subfield>
   <subfield code="m">NTMTHI</subfield>
  </datafield>
  <datafield tag="856" ind1=" " ind2=" ">
   <subfield code="y">A STUDY OF APPRECIATION IN FOOTBALL COMMENTARIES IN ENGLISH AND VIETNAMESE /</subfield>
   <subfield code="l">Library of UFL</subfield>
   <subfield code="t">VIEW</subfield>
   <subfield code="x">http://catalog.udn.vn:80/F?func=service&amp;doc_library=UDN01&amp;local_base=UDN01&amp;doc_number=000032507&amp;sequence=000002&amp;line_number=0002&amp;func_code=DB_RECORDS&amp;service_type=MEDIA</subfield>
   <subfield code="f">LUANVAN_000013675.pdf</subfield>
   <subfield code="e">pdf</subfield>
   <subfield code="s">001046572</subfield>
   <subfield code="k">20211029</subfield>
   <subfield code="m">NTMTHI</subfield>
  </datafield>
  <datafield tag="980" ind1=" " ind2=" ">
   <subfield code="a">Mạng thư viện Đại học Đà Nẵng</subfield>
  </datafield>
 </record>
</collection>
